Weihnachten: Alle Rentiere des Weihnachtsmannes - Sudden Death - Statistiken

Allgemein
  • Dieses Quiz wurde 491 mal gespielt
  • Das Durchschnittsergebnis liegt bei 5 aus 9
Answers on the Grid
Answers color-coded by a green-red scale on the quiz's grid according to % correct below.
Rudolph
Dancer
Prancer
Cupid
Comet
Vixen
Dasher
Donner
Thunder
Blitzen
Wonder
Ariel
Angel
Star
Flasher
Ralph
Gunther
Florentine
Nancy
Batters
Newton
Ronald
Dicer
Fancer
 
Antwortstatistiken
Antwort % Korrekt
Rudolph
79%
Donner
64%
Dasher
63%
Vixen
61%
Blitzen
60%
Dancer
57%
Comet
49%
Cupid
42%
Prancer
42%
Keine übereinstimmenden Quizze gefunden
Verteilung der Resultate
Anzahl Personen mit jedem Resultat
Perzentil nach korrekt beantworteten Fragen
Ihre Resultats-Entwicklung
Sie haben dieses Quiz noch nicht gespielt